History of Western Philosophy and its connection with political and social circumstances from the earliest times to the present day

Saved in:
Bibliographic Details
Main Author: Russell, Bertrand 1872-1970
Format: Book
Language:English
Published: London : Routledge, 1991 repr.
Subjects:
Tags: Add Tag
No Tags, Be the first to tag this record!

MARC

LEADER 00000nam a2200000 i 4500
001 1/74611
008 970904s1991 eng d
020 |a 0-415-07854-7 
035 |a 1993  |b 1  |c Τσουτσουλοπούλου  |l 10031873 
040 |a GR-MY-UA  |b gre  |e aacr 
041 0 |a eng 
082 0 |a 109 
100 1 |a Russell, Bertrand  |d 1872-1970. 
245 1 0 |a History of Western Philosophy and its connection with political and social circumstances from the earliest times to the present day /  |c Bertrand Russell 
260 |a London :   |b Routledge,   |c 1991 repr. 
300 |a 842 p. 
650 0 0 |a Philosophy  |x History. 
852 |a INST  |b RHODES  |e 19970904  |h 109 RUS  |p 005400008507  |q 005400008507  |t BK  |y 0 
909 |a Ρ  |b 025289  |c 1993